LEADER 01314nam a2200277 i 4500 001 000000248631 003 CaOOAMICUS 005 20160524000000.0 008 160524s1998 it u000 u ita u 013 $a227536 040 $aSeMil$bita 100 1 $aLevi, Giorgina <1910-2011>.$0(OLS)http://semarc/name/83120 245 10$aCorrenti di pensiero... e correnti migratorie lungo la storia ebraica /$cG. Arian Levi ... [et al.] ; a cura di Stefano Rosso, Nedelia Tedeschi, Emilia Turco. 260 $aTorino :$bAmicizia Ebraico Cristiana,$c1998. 300 $aVIII, 101 p. ;$c21 cm. 490 0 $aQuaderni A.E.C. Torino ;$v3 650 4$aEbrei - Storia.$0(OLS)http://semarc/subject/4633 700 1 $aTurco, Emilia.$0(OLS)http://semarc/name/15208 700 1 $aTedeschi, Nedelia.$0(OLS)http://semarc/name/74118 700 1 $aRosso, Stefano <1931- >.$0(OLS)http://semarc/name/15206 830 0$aQuaderni A.E.C. Torino ;$v3.$0(OLS)http://semarc/title/44802 850 $aSeMil 852 $aSeMil$W1$xVenegono$y1$m2R VII 54$j198977$B198977$CSeMilBibl$Z2$F211316 $81 961 $aOmaggio: Altro 996 $6245$aCorrenti di pensiero... e correnti migratorie lungo la storia ebraica$9(OLS)http://semarc/title/350825 996 $6260$aTorino :$bAmicizia Ebraico Cristiana$9(OLS)http://semarc/publisher/39505 LEADER 01528nam a2200313 i 4500 001 000000183143 003 CaOOAMICUS 005 20091106000000.0 008 091106s2009 it u000 u ita u 013 $a161105 020 $a978-88-215-6438-3 040 $aSeMil$bita 100 1 $aSesboüé, Bernard,$c.$0(OLS)http://semarc/name/703 240 10$aHors de l'Église pas de salut.$0(OLS)http://semarc/title/262860 245 10$a«Fuori dalla Chiesa nessuna salvezza» :$bstoria di una formula e problemi di interpretazione /$cBernard Sesboüé. 260 $aCinisello Balsamo :$bSan Paolo,$c2009. 300 $a339 p. ;$c23 cm. 490 0 $aL'abside : saggi di teologia ;$v53. Strumenti 490 0 $aL'abside. Strumenti ;$v53 650 4$aEcclesiologia - Storia.$0(OLS)http://semarc/subject/1704 650 4$aSalvezza - Chiesa cattolica.$0(OLS)http://semarc/subject/9256 830 2$aL'abside. Strumenti ;$v53.$0(OLS)http://semarc/title/31000 830 2$aL'abside ;$v53. Strumenti.$0(OLS)http://semarc/title/648 850 $aSeMil 852 $aSeMil$W1$xVenegono$y1$m2M VII 53$j133847$B133847$CSeMilBibl$Z2$F145546 $81 961 $aOmaggio per recensione: Scuola Cattolica 996 $6020$a978-88-215-6438-3$9(OLS)http://semarc/number/172849 996 $6245$a«Fuori dalla Chiesa nessuna salvezza» :$bstoria di una formula e problemi di interpretazione$9(OLS)http://semarc/title/262859 996 $6260$aCinisello Balsamo :$bSan Paolo$9(OLS)http://semarc/publisher/30129